[Event "SVK-chT5 SE-SI 1415"]
[Site "Slovakia"]
[Date "2014.10.18"]
[Round "1.2"]
[White "Baumgartner, Milan"]
[Black "Ulehla, Jakub"]
[Result "0-1"]
[WhiteElo "1585"]
[BlackElo "1479"]
[PlyCount "64"]
[EventDate "2014.10.18"]
[EventType "team-tourn"]
[EventRounds "11"]
[EventCountry "SVK"]
[SourceTitle "EXT 2022"]
[Source "ChessBase"]
[SourceDate "2021.10.06"]
[SourceVersion "1"]
[SourceVersionDate "2021.10.06"]
[SourceQuality "1"]
[WhiteTeam "Skalica IV"]
[BlackTeam "Senica CVC"]
[WhiteTeamCountry "SVK"]
[BlackTeamCountry "SVK"]

1. a3 e5 2. e4 Nf6 3. Nc3 Bc5 4. Bc4 0-0 5. d3 d6 6. Bg5 c6 7. h3 Qe7 8. Nge2 Be6 9. b4 Bb6 10. Ba2 Nbd7 11. 0-0 Rfe8 12. a4 a6 13. Kh2 Bxa2 14. Rxa2 Qe6 15. f4 exf4 16. Bxf4 d5 17. exd5 cxd5 18. d4 Nh5 19. g3 Rac8 20. Rf3 Ndf6 21. Be5 Ne4 22. g4 Nhf6 23. Qf1 Nd2 24. Qf2 Nxf3+ 25. Qxf3 Ne4 26. Ra3 Bc7 27. Nf4 Bxe5 28. dxe5 Qxe5 29. Kg2 Rxc3 30. Rxc3 Qxc3 31. Qe2 Qg3+ 32. Kf1 Qxf4+ 0-1

[Event "SVK-chT5 SE-SI 1314"]
[Site "Slovakia"]
[Date "2013.11.30"]
[Round "4.4"]
[White "Vozarova, Adriana"]
[Black "Baumgartner, Milan"]
[Result "0-1"]
[WhiteElo "1172"]
[BlackElo "1508"]
[PlyCount "118"]
[EventDate "2013.10.19"]
[EventType "team-tourn"]
[EventRounds "11"]
[EventCountry "SVK"]
[SourceTitle "EXT 2022"]
[Source "ChessBase"]
[SourceDate "2021.10.06"]
[SourceVersion "1"]
[SourceVersionDate "2021.10.06"]
[SourceQuality "1"]
[WhiteTeam "Stefanov III"]
[BlackTeam "Skalica IV"]
[WhiteTeamCountry "SVK"]
[BlackTeamCountry "SVK"]

1. e4 e5 2. Nf3 Nc6 3. Nc3 Nf6 4. Bb5 a6 5. Ba4 Bc5 6. d3 h6 7. Be3 Bb4 8. 0-0 Bxc3 9. bxc3 d6 10. d4 Nxe4 11. Qd3 Bf5 12. d5 b5 13. Bb3 Na5 14. Rad1 Ng3 15. Qd2 Nxf1 16. Rxf1 0-0 17. Ne1 Qd7 18. f4 e4 19. Qf2 Rae8 20. Qg3 Re7 21. a3 Nc4 22. Bd4 f6 23. Bxc4 bxc4 24. Qe3 Qb5 25. Qc1 Qxd5 26. Kh1 c5 27. Be3 Qc6 28. Rg1 Qd7 29. Qd1 Rc8 30. g4 Bh7 31. g5 fxg5 32. fxg5 hxg5 33. Bxg5 Rf7 34. Qh5 Rcf8 35. Bh6 Rf1 36. Qd5+ Kh8 37. Be3 Rxg1+ 38. Kxg1 Qf7 39. Qxf7 Rxf7 40. Ng2 Rf3 41. Bd2 d5 42. h4 d4 43. cxd4 cxd4 44. a4 e3 45. Bc1 Bxc2 46. Kh2 Rf1 47. Bb2 c3 48. Ba3 Bxa4 49. Bc5 c2 50. Bxd4 c1Q 51. Bxe3 Qc2 52. Kg3 Bc6 53. Nf4 Rf3+ 54. Kg4 Rxe3 55. h5 Re4 56. Kg5 Rxf4 57. Kxf4 Qe4+ 58. Kg5 Bd7 59. h6 Qg4# 0-1